| Tag |
First Indicator |
Second Indicator |
Subfields |
| LEADER |
00000cam a2200000Li 4500 |
| 001 |
in00003516331 |
| 005 |
20190407115814.0 |
| 006 |
m o d |
| 007 |
cr ||||||||||| |
| 008 |
101103s1888 ilu o 000 0deng d |
| 019 |
|
|
|a 635595903
|a 676742974
|a 682164980
|a 683204371
|
| 035 |
|
|
|a (OCoLC)ocn708251461
|
| 035 |
|
|
|a (OCoLC)708251461
|z (OCoLC)635595903
|z (OCoLC)676742974
|z (OCoLC)682164980
|z (OCoLC)683204371
|
| 040 |
|
|
|a QE2
|b eng
|c QE2
|d OCLCQ
|d LGG
|d VLB
|d VT2
|d Z5A
|d OCLCQ
|d OCLCE
|d NKT
|d OCLCO
|d OCLCF
|d UtOrBLW
|
| 042 |
|
|
|a dlr
|
| 049 |
|
|
|a TXAM
|
| 050 |
|
4 |
|a B2581.Z7
|b D5 1888
|
| 082 |
0 |
4 |
|a 193
|
| 100 |
1 |
|
|a Dewey, John,
|d 1859-1952.
|
| 245 |
1 |
0 |
|a Leibniz's new essays concerning the human understanding :
|b a critical exposition /
|c by John Dewey ...
|
| 264 |
|
1 |
|a Chicago :
|b S.C. Griggs and Company,
|c 1888.
|
| 300 |
|
|
|a 1 online resource (xvii, 272 pages)
|
| 336 |
|
|
|a text
|b txt
|2 rdacontent
|
| 337 |
|
|
|a computer
|b c
|2 rdamedia
|
| 338 |
|
|
|a online resource
|b cr
|2 rdacarrier
|
| 490 |
1 |
|
|a German philosophical classics for English readers and students
|
| 520 |
|
|
|a "The purpose of the series of which the present volume is one, is not, as will be seen by reference to the statement in the initial volume, to sum up in toto the system of any philosopher, but to give a "critical exposition" of some one masterpiece. In treating the "Nouveaux Essais" of Leibniz, I have found myself obliged, at times, to violate the letter of this expressed intention, in order to fulfil its spirit. The "Nouveaux Essais," in spite of its being one of the two most extended philosophical writings of Leibniz, is a compendium of comments, rather than a connected argument or exposition. It has all the suggestiveness and richness of a note-book, but with much also of its fragmentariness. I have therefore been obliged to supplement my account of it by constant references to the other writings of Leibniz, and occasionally to take considerable liberty with the order of the treatment of topics. Upon the whole, this book will be found, I hope, to be a faithful reflex not only of Leibniz's thought, but also of his discussions in the "Nouveaux Essais." I have endeavored, in the body of the work, to identify my thought with that of Leibniz as much as possible, to assume his standpoint and method, and, for the most part, to confine express criticism upon his limitations to the final chapter. In particular, I have attempted to bring out the relations of philosophy to the growing science of his times, to state the doctrine of pre-established harmony as he himself meant it, and to give something like consistency and coherency to his doctrine of material existence and of nature. This last task seemed especially to require doing. I have also endeavored to keep in mind, throughout, Leibniz's relations to Locke, and to show the "Nouveaux Essais" as typical of the distinction between characteristic British and German thought"--Preface. (PsycINFO Database Record (c) 2008 APA, all rights reserved).
|
| 588 |
|
|
|a Description based on print version record.
|
| 538 |
|
|
|a Master and use copy. Digital master created according to Benchmark for Faithful Digital Reproductions of Monographs and Serials, Version 1. Digital Library Federation, December 2002.
|u http://purl.oclc.org/DLF/benchrepro0212
|5 MiAaHDL
|
| 583 |
1 |
|
|a digitized
|c 2010
|h HathiTrust Digital Library
|l committed to preserve
|2 pda
|5 MiAaHDL
|
| 500 |
|
|
|a Electronic resource.
|
| 600 |
1 |
0 |
|a Leibniz, Gottfried Wilhelm,
|c Freiherr von,
|d 1646-1716.
|
| 600 |
1 |
7 |
|a Leibniz, Gottfried Wilhelm,
|c Freiherr von,
|d 1646-1716.
|2 fast
|0 (OCoLC)fst00039580
|
| 650 |
|
0 |
|a Knowledge, Theory of.
|
| 650 |
|
2 |
|a Knowledge.
|
| 650 |
|
7 |
|a Knowledge, Theory of.
|2 fast
|0 (OCoLC)fst00988194
|
| 655 |
|
7 |
|a Electronic books.
|2 local
|
| 730 |
0 |
|
|a PsycBOOKs.
|
| 776 |
1 |
8 |
|i Print version:
|a Dewey, John, 1859-1952.
|t Leibniz's new essays concerning the human understanding.
|d Chicago : S.C. Griggs and Co., 1888
|w (DLC) 11019542
|
| 830 |
|
0 |
|a German philosophical classics for English readers and students.
|
| 856 |
4 |
0 |
|u http://proxy.library.tamu.edu/login?url=http://search.ebscohost.com/direct.asp?db=pzh&jid=200813360&scope=site
|z Connect to the full text of this electronic book
|t 0
|
| 994 |
|
|
|a 92
|b TXA
|
| 999 |
|
|
|a MARS
|
| 999 |
f |
f |
|s 36b870be-4289-3524-9d72-868a601a98dc
|i 2b624974-87ba-316b-81cc-896ccd6f13b5
|t 0
|
| 952 |
f |
f |
|a Texas A&M University
|b College Station
|c Electronic Resources
|d Available Online
|t 0
|e B2581.Z7 D5 1888
|h Library of Congress classification
|
| 998 |
f |
f |
|a B2581.Z7 D5 1888
|t 0
|l Available Online
|